00382nam a2200157Ia 4500001000500000005001700005008004100022041000800063082001700071100003200088245005100120260000900171300002800180650000800208654000800216926320260306160710.0260306t1996||||xx |||||||||||||| ||spa|| aESP a378.001bG23 aGarcía Hoz, VíctoreAUT 0aLa educación personalizada en la Universidad c1996 a598 páginas :c21 cm. aGEN aCED